00217nam a2200097Ia 4500008004100000041000800041082001200049100001400061245001800075260002600093231212s1975 xx 000 0 und d aeng a623.747 aPolivanow aThe Theory of aMascowbMir Pubc1975